Trenerzy piłki nożnej na literę C - Statystyki

Ogólne statystyki
  • Ten quiz został rozwiązany 30 razy
  • Średni wynik to 4 z 11
Statystyki odpowiedzi
Prowadzone zespoły Odpowiedź % Poprawnych
Juventus 2011-2014 Włochy 2014-2016 Chelsea 2016-2018 Inter Mediolan 2019-2021 Tottenham Hotspur 2021-2023 Napoli 2024- Antonio Conte
89%
Legia Warszawa 2015-2016 Rosja 2016-2021 Stanisław Czerczesow
89%
Ajax Amsterdam 1985-1988 FC Barcelona 1988-1996 Johan Cruyff
81%
AC Milan 1991-1996 AS Roma 1999-2004 Anglia 2008-2012 Rosja 2012-2015 Fabio Capello
56%
FC Porto 2017-2024 AC Milan 2024-2025 Sergio Conceicao
41%
Mallorca 1997-1999 Valencia 1999-2001 Inter Mediolan 2001- 2003 Hector Cuper
15%
Hiszpania 1998-2002 Benfica 2002-2004 Real Madryt 2004-2005 Jose Antonio Camacho
15%
Derby County 1967-1973 Nottingham Forest 1975-1993 Brian Clough
11%
Irlandia 1986-1996 Jack Charlton
11%
Szkocja 2019- Steve Clarke
7%
Athletic Bilbao 1981-1986 Espanyol Barcelona 1986-1989 Hiszpania 1992-1998 Javier Clemente
4%
Nie znaleziono quizów pasujących do podanych kryteriów
Rozkład punktacji
Procent ludzi z każdym wynikiem
Percentyl według liczby udzielonych odpowiedzi
Twoja historia wyników
Nie rozwiązałeś tego quizu